000 00321nam a22001457a 4500
008 210607b ||||| |||| 00| 0 eng d
020 _a9781416029175
041 _aeng
080 _a615
082 _a615
100 _a5
101 _aFAR
245 _aUnderstanding Pharmacology
_cM. Linda Workman
942 _2udc
_cBK
999 _c58055
_d58055